Symphonie fantastique op 14 (Record n. 104104)
[ formato base ]
| 000 -LEADER | |
|---|---|
| fixed length control field | 01206njm a2200313Ia 4500 |
| 001 - CONTROL NUMBER | |
| control field | 54186 |
| 003 - CONTROL NUMBER IDENTIFIER | |
| control field | IT-RoPAU |
| 005 - DATE AND TIME OF LATEST TRANSACTION | |
| control field | 20220918181217.0 |
| 008 - FIXED-LENGTH DATA ELEMENTS--GENERAL INFORMATION | |
| fixed length control field | 131025s9999 xx 000 0 und d |
| 040 ## - CATALOGING SOURCE | |
| Original cataloging agency | IT-RoPAU |
| 040 ## - CATALOGING SOURCE | |
| Transcribing agency | IT-RoPAU |
| 999 ## - SYSTEM CONTROL NUMBERS (KOHA) | |
| Koha Dewey Subclass [OBSOLETE] | n.d. |
| 100 ## - MAIN ENTRY--PERSONAL NAME | |
| Personal name | Berlioz Hector |
| 9 (RLIN) | 22725 |
| 100 ## - MAIN ENTRY--PERSONAL NAME | |
| Relator term | Autore musica |
| 9 (RLIN) | 22726 |
| 100 ## - MAIN ENTRY--PERSONAL NAME | |
| Miscellaneous information | Codice autore musica SPICS: 9293 |
| 9 (RLIN) | 22727 |
| 245 ## - TITLE STATEMENT | |
| Title | Symphonie fantastique op 14 |
| 250 ## - EDITION STATEMENT | |
| Edition statement | 2a ed. |
| 260 ## - PUBLICATION, DISTRIBUTION, ETC. (IMPRINT) | |
| Place of publication, distribution, etc. | TORINO |
| 260 ## - PUBLICATION, DISTRIBUTION, ETC. (IMPRINT) | |
| Name of publisher, distributor, etc. | FONIT CETRA |
| Date of publication, distribution, etc. | 1987 [1a Ed.:1954 - Ed. Lingua Orig.: 1830] |
| 300 ## - PHYSICAL DESCRIPTION | |
| Extent | COMPACT DISC |
| 300 ## - PHYSICAL DESCRIPTION | |
| Dimensions | 51 minuti (Testo: pag.) |
| 500 ## - GENERAL NOTE | |
| General note | Musica classica. sinfonica. New York 21 novembre 1954 registrazione dal vivo in monofonia (cattiva qualità di registrazione). Tempo di Bolero: New York 20 dicembre 1952 (Ripetizione, incantamento, danza). |
| 505 ## - FORMATTED CONTENTS NOTE | |
| Formatted contents note | Symphonie fantastique - Bolero |
| 511 ## - PARTICIPANT OR PERFORMER NOTE | |
| Participant or performer note | Orchestra Filarmonica di New York diretta da Walter Bruno |
| 511 ## - PARTICIPANT OR PERFORMER NOTE | |
| Participant or performer note | Nbc Orchestra diretta da Cantelli Guido |
| 650 ## - SUBJECT ADDED ENTRY--TOPICAL TERM | |
| Topical term or geographic name as entry element | SINFONICA [COMPACT DISC] |
| Relator term | Codice MATERIA SPICS: 9949 |
| 9 (RLIN) | 16800 |
| 700 ## - ADDED ENTRY--PERSONAL NAME | |
| Personal name | Ravel Maurice |
| Dates associated with a name | Codice autore musica SPICS: 2180 |
| Relator term | Autore musica |
| Name of part/section of a work | Bolero |
| 9 (RLIN) | 22728 |
| 942 ## - ADDED ENTRY ELEMENTS (KOHA) | |
| Koha item type | CD AUDIO |
| Source of classification or shelving scheme | Dewey Decimal Classification |
| Withdrawn status | Lost status | Damaged status | Not for loan | Home library | Current library | Date acquired | Total Checkouts | Full call number | Date last seen | Price effective from | Koha item type | Public note |
|---|---|---|---|---|---|---|---|---|---|---|---|---|
| Buone Condizioni | Not For Loan | SPICS-MEDIATECA | SPICS-MEDIATECA | 25/10/2013 | 54186 | 25/10/2013 | 25/10/2013 | CD AUDIO | Progr. Ins.: 15087 / N.Vol.: 1 / Copie: 1 - Copia rara: n.d. / date import: 01.01.2014 - By Epidotti, Trombetti, Vaglietti |